UBT Library

HEALTH ASSESSMENT& PHYSICAL EXAMINATION (Record no. 39367)

000 -LEADER
fixed length control field 00329nam a22001337a 4500
008 - FIXED-LENGTH DATA ELEMENTS--GENERAL INFORMATION
fixed length control field 171226b xxu||||| |||| 00| 0 eng d
020 ## - INTERNATIONAL STANDARD BOOK NUMBER
International Standard Book Number 9781435427563
041 ## - LANGUAGE CODE
Language code of text/sound track or separate title eng
080 ## - UNIVERSAL DECIMAL CLASSIFICATION NUMBER
Edition identifier 4TH
Universal Decimal Classification number 615.83
100 ## - Rafti
Rafti 8
101 ## - Shkurtesa
Shkurtesa EGZ
245 ## - TITLE STATEMENT
Title HEALTH ASSESSMENT& PHYSICAL EXAMINATION
Statement of responsibility, etc ESTES,M.E.Z
942 ## - ADDED ENTRY ELEMENTS (KOHA)
Source of classification or shelving scheme
Item type Books
Holdings
Withdrawn status Lost status Source of classification or shelving scheme Damaged status Not for loan Collection code Permanent location Current location Shelving location Date acquired Total Checkouts Full call number Barcode Date last seen Price effective from Koha item type
          Koleksioni i përgjithshem UBT - Lipjan UBT - Lipjan Koleksioni i përgjithshem 12/26/2017   615.83 EST 002-29946 12/26/2017 12/26/2017 Books
UBT Library © 2015-2024. All rights reserved University Education for Business and Technology